<?xml version="1.0" encoding="UTF-8"?>
<record
    xmlns:xsi="http://www.w3.org/2001/XMLSchema-instance"
    xsi:schemaLocation="http://www.loc.gov/MARC21/slim http://www.loc.gov/standards/marcxml/schema/MARC21slim.xsd"
    xmlns="http://www.loc.gov/MARC21/slim">

  <leader>02817nam a2200589 a 4500</leader>
  <controlfield tag="001">85765</controlfield>
  <controlfield tag="003">BD-RjUL</controlfield>
  <controlfield tag="005">20250928151921.0</controlfield>
  <controlfield tag="008">250928s2009    dcua     b   i001 0 eng  </controlfield>
  <datafield tag="020" ind1=" " ind2=" ">
    <subfield code="a">9780821378021</subfield>
    <subfield code="q">alk. paper</subfield>
  </datafield>
  <datafield tag="020" ind1=" " ind2=" ">
    <subfield code="a">0821378023</subfield>
    <subfield code="q">alk. paper</subfield>
  </datafield>
  <datafield tag="035" ind1=" " ind2=" ">
    <subfield code="a">(BD-RjUL)85765</subfield>
  </datafield>
  <datafield tag="040" ind1=" " ind2=" ">
    <subfield code="a">DNLM/DLC</subfield>
    <subfield code="c">DLC</subfield>
    <subfield code="d">NLM</subfield>
    <subfield code="d">DLC</subfield>
    <subfield code="d">BD-RjUL</subfield>
    <subfield code="b">eng</subfield>
  </datafield>
  <datafield tag="041" ind1=" " ind2=" ">
    <subfield code="a">eng</subfield>
  </datafield>
  <datafield tag="082" ind1="0" ind2="0">
    <subfield code="2">22</subfield>
    <subfield code="a">362.1</subfield>
    <subfield code="b">VUW 2009</subfield>
  </datafield>
  <datafield tag="100" ind1="1" ind2=" ">
    <subfield code="a">Vujicic, Marko.</subfield>
    <subfield code="9">16989</subfield>
  </datafield>
  <datafield tag="245" ind1="1" ind2="0">
    <subfield code="a">Working in health :</subfield>
    <subfield code="b">financing and managing the public sector health workforce /</subfield>
    <subfield code="c">Marko Vujicic, Kelechi Ohiri, Susan Sparkes ; with contributions from Aly Sy ... [et al.].</subfield>
  </datafield>
  <datafield tag="260" ind1=" " ind2=" ">
    <subfield code="a">Washington, DC :</subfield>
    <subfield code="b">World Bank,</subfield>
    <subfield code="c">c2009.</subfield>
  </datafield>
  <datafield tag="300" ind1=" " ind2=" ">
    <subfield code="a">xxviii, 271 p. :</subfield>
    <subfield code="b">ill. ;</subfield>
    <subfield code="c">23 cm.</subfield>
  </datafield>
  <datafield tag="336" ind1=" " ind2=" ">
    <subfield code="a">text</subfield>
    <subfield code="b">txt</subfield>
    <subfield code="2">rdacontent</subfield>
  </datafield>
  <datafield tag="337" ind1=" " ind2=" ">
    <subfield code="a">unmediated</subfield>
    <subfield code="b">n</subfield>
    <subfield code="2">rdamedia</subfield>
  </datafield>
  <datafield tag="338" ind1=" " ind2=" ">
    <subfield code="a">volume</subfield>
    <subfield code="b">nc</subfield>
    <subfield code="2">rdacarrier</subfield>
  </datafield>
  <datafield tag="490" ind1="1" ind2=" ">
    <subfield code="a">Directions in development. Human development</subfield>
  </datafield>
  <datafield tag="504" ind1=" " ind2=" ">
    <subfield code="a">Includes bibliographical references and index.</subfield>
  </datafield>
  <datafield tag="505" ind1="0" ind2=" ">
    <subfield code="a">Overview -- Background country study for Kenya -- Background country study for Zambia -- Background country study for Rwanda -- Background country study for the Dominican Republic.</subfield>
  </datafield>
  <datafield tag="650" ind1=" " ind2="0">
    <subfield code="a">Public health personnel</subfield>
    <subfield code="x">Salaries, etc.</subfield>
    <subfield code="z">Developing countries.</subfield>
    <subfield code="9">16990</subfield>
  </datafield>
  <datafield tag="650" ind1=" " ind2="0">
    <subfield code="a">Medical economics</subfield>
    <subfield code="z">Developing countries.</subfield>
    <subfield code="9">16991</subfield>
  </datafield>
  <datafield tag="650" ind1="1" ind2="2">
    <subfield code="a">Health Manpower</subfield>
    <subfield code="x">economics</subfield>
    <subfield code="z">Dominican Republic.</subfield>
    <subfield code="9">16992</subfield>
  </datafield>
  <datafield tag="650" ind1="1" ind2="2">
    <subfield code="a">Health Manpower</subfield>
    <subfield code="x">economics</subfield>
    <subfield code="z">Kenya.</subfield>
    <subfield code="9">16993</subfield>
  </datafield>
  <datafield tag="650" ind1="1" ind2="2">
    <subfield code="a">Health Manpower</subfield>
    <subfield code="x">economics</subfield>
    <subfield code="z">Rwanda.</subfield>
    <subfield code="9">16994</subfield>
  </datafield>
  <datafield tag="650" ind1="1" ind2="2">
    <subfield code="a">Health Manpower</subfield>
    <subfield code="x">economics</subfield>
    <subfield code="z">Zambia.</subfield>
    <subfield code="9">16995</subfield>
  </datafield>
  <datafield tag="650" ind1="1" ind2="2">
    <subfield code="a">Health Manpower</subfield>
    <subfield code="x">organization &amp; administration</subfield>
    <subfield code="z">Dominican Republic.</subfield>
    <subfield code="9">16996</subfield>
  </datafield>
  <datafield tag="650" ind1="1" ind2="2">
    <subfield code="a">Health Manpower</subfield>
    <subfield code="x">organization &amp; administration</subfield>
    <subfield code="z">Kenya.</subfield>
    <subfield code="9">16997</subfield>
  </datafield>
  <datafield tag="650" ind1="1" ind2="2">
    <subfield code="a">Health Manpower</subfield>
    <subfield code="x">organization &amp; administration</subfield>
    <subfield code="z">Rwanda.</subfield>
    <subfield code="9">16998</subfield>
  </datafield>
  <datafield tag="650" ind1="1" ind2="2">
    <subfield code="a">Health Manpower</subfield>
    <subfield code="x">organization &amp; administration</subfield>
    <subfield code="z">Zambia.</subfield>
    <subfield code="9">16999</subfield>
  </datafield>
  <datafield tag="650" ind1="2" ind2="2">
    <subfield code="a">Developing Countries</subfield>
    <subfield code="z">Dominican Republic.</subfield>
    <subfield code="9">17000</subfield>
  </datafield>
  <datafield tag="650" ind1="2" ind2="2">
    <subfield code="a">Developing Countries</subfield>
    <subfield code="z">Kenya.</subfield>
    <subfield code="9">17001</subfield>
  </datafield>
  <datafield tag="650" ind1="2" ind2="2">
    <subfield code="a">Developing Countries</subfield>
    <subfield code="z">Rwanda.</subfield>
    <subfield code="9">17002</subfield>
  </datafield>
  <datafield tag="650" ind1="2" ind2="2">
    <subfield code="a">Developing Countries</subfield>
    <subfield code="z">Zambia.</subfield>
    <subfield code="9">17003</subfield>
  </datafield>
  <datafield tag="650" ind1="2" ind2="2">
    <subfield code="a">Salaries and Fringe Benefits</subfield>
    <subfield code="x">legislation &amp; jurisprudence</subfield>
    <subfield code="z">Dominican Republic.</subfield>
    <subfield code="9">17004</subfield>
  </datafield>
  <datafield tag="650" ind1="2" ind2="2">
    <subfield code="a">Salaries and Fringe Benefits</subfield>
    <subfield code="x">legislation &amp; jurisprudence</subfield>
    <subfield code="z">Kenya.</subfield>
    <subfield code="9">17005</subfield>
  </datafield>
  <datafield tag="650" ind1="2" ind2="2">
    <subfield code="a">Salaries and Fringe Benefits</subfield>
    <subfield code="x">legislation &amp; jurisprudence</subfield>
    <subfield code="z">Rwanda.</subfield>
    <subfield code="9">17006</subfield>
  </datafield>
  <datafield tag="650" ind1="2" ind2="2">
    <subfield code="a">Salaries and Fringe Benefits</subfield>
    <subfield code="x">legislation &amp; jurisprudence</subfield>
    <subfield code="z">Zambia.</subfield>
    <subfield code="9">17007</subfield>
  </datafield>
  <datafield tag="700" ind1="1" ind2=" ">
    <subfield code="a">Ohiri, Kelechi.</subfield>
    <subfield code="9">17008</subfield>
  </datafield>
  <datafield tag="700" ind1="1" ind2=" ">
    <subfield code="a">Sparkes, Susan.</subfield>
    <subfield code="9">17009</subfield>
  </datafield>
  <datafield tag="710" ind1="2" ind2=" ">
    <subfield code="a">World Bank.</subfield>
    <subfield code="9">16909</subfield>
  </datafield>
  <datafield tag="830" ind1=" " ind2="0">
    <subfield code="a">Directions in development (Washington, D.C.)</subfield>
    <subfield code="9">16910</subfield>
  </datafield>
  <datafield tag="830" ind1=" " ind2="0">
    <subfield code="a">Directions in development (Washington, D.C.).</subfield>
    <subfield code="9">16910</subfield>
  </datafield>
  <datafield tag="942" ind1=" " ind2=" ">
    <subfield code="2">ddc</subfield>
    <subfield code="c">BK</subfield>
  </datafield>
  <datafield tag="999" ind1=" " ind2=" ">
    <subfield code="c">85765</subfield>
    <subfield code="d">85765</subfield>
  </datafield>
  <datafield tag="952" ind1=" " ind2=" ">
    <subfield code="0">0</subfield>
    <subfield code="1">0</subfield>
    <subfield code="2">ddc</subfield>
    <subfield code="4">0</subfield>
    <subfield code="7">1</subfield>
    <subfield code="8">NFIC</subfield>
    <subfield code="a">RUCL</subfield>
    <subfield code="b">RUCL</subfield>
    <subfield code="c">Reading</subfield>
    <subfield code="d">2024-09-09</subfield>
    <subfield code="e">The World Bank</subfield>
    <subfield code="l">0</subfield>
    <subfield code="o">362.1 VUW 2009</subfield>
    <subfield code="r">2025-09-28 00:00:00</subfield>
    <subfield code="t">C-1</subfield>
    <subfield code="w">2025-09-28</subfield>
    <subfield code="y">BK</subfield>
  </datafield>
</record>
